Państwa Europy,nagła śmierć! - Statystyki

Ogólne statystyki
  • Ten quiz został rozwiązany 27 razy
  • Średni wynik to 16 z 18
Answers on the Grid
Answers color-coded by a green-red scale on the quiz's grid according to % correct below.
Francja
Gruzja
Maroko
Holandia
Portugalia
Hiszpania
Angola
Andora
Monako
Niemcy
Polska
Dania
Czechy
Turcja
Tunezja
Wlochy
Tajlandia
Nowa Zelandia
Papua Nowa Gwinea
Ukraina
Rosja
Serbia
Sri lanka
Armenia
Izrael
Palestyna
Tajwan
Malta
Watykan
San Marino
 
Statystyki odpowiedzi
Odpowiedź % Poprawnych
Francja
95%
Malta
95%
Czechy
89%
Holandia
89%
Niemcy
89%
San Marino
89%
Serbia
89%
Watykan
89%
Wlochy
89%
Andora
84%
Dania
84%
Hiszpania
84%
Polska
84%
Portugalia
84%
Rosja
84%
Ukraina
84%
Monako
79%
Turcja
74%
Nie znaleziono quizów pasujących do podanych kryteriów
Rozkład punktacji
Procent ludzi z każdym wynikiem
Percentyl według liczby udzielonych odpowiedzi
Twoja historia wyników
Nie rozwiązałeś tego quizu